LEADER 00929nam a2200217 u 4500 001 000000072949 003 CaOOAMICUS 005 20070226122310.0 008 020625s1865 it u000 u ita u 035 $a10934663 040 $aPUL(R)$bita 110 1 $aItalia (Regno, 1805-1814).$0(OLS)http://pul/name/12868 240 10$aCodice civile$9Italia (Regno, 1805-1814).$0(OLS)http://pul/title/19778 245 10$aIndice alfabetico del codice civile del Regno d'Italia. 260 $aBologna :$btip. degli Agrofili Italiani,$c1865. 300 $a16 p. ;$c23 cm 850 $aPUL 852 $aPUL$W1$xDP1 Antico 800$y27$m829 B 15$j25490$nBK-PRI$b $qStampati Antico$B94326$CPULBib$Z2$F94326 $H $81 941 1 $a15 996 $6245$aIndice alfabetico del codice civile del Regno d'Italia$9(OLS)http://pul/title/95943 996 $6260$aBologna :$btip. degli Agrofili Italiani$9(OLS)http://pul/publisher/74177 LEADER 00984nam a2200241 u 4500 001 000000047796 003 CaOOAMICUS 005 20070226114926.0 008 000207s1977 it u000 u ita u 035 $a10840820 040 $aMSA$bita 100 1 $aStipo, Massimo.$0(OLS)http://pul/name/32725 245 10$aBeneficenza, assistenza e previdenza nei rapporti fra stato e regioni /$cMassimo Stipo. 260 $a[Roma] :$bBulzoni,$c1977. 300 $a104 p. ;$c24 cm 650 4$aRegione.$0(OLS)http://pul/subject/20149 650 4$aAssistentato sociale.$0(OLS)http://pul/subject/18190 850 $aPUL 852 $aPUL$W1$xDP1 Fondo Ciprotti$y59$m1540 E 12$j63811$nBK-PRI$b $qFondi$B63811$CPULBib$Z2$F63811 $H $81 941 1 $a1 961 $aINV: F. Ciprotti 996 $6245$aBeneficenza, assistenza e previdenza nei rapporti fra stato e regioni$9(OLS)http://pul/title/64339 996 $6260$a[Roma] :$bBulzoni$9(OLS)http://pul/publisher/66938